Statistics for Primus: sailing the sea of cheese

Click here to take the quiz!

General Stats

  • This quiz has been taken 11 times
  • The average score is 7 of 13

Answer Stats

Answer% Correct
Jerry was a race car driver
100%
American life
80%
Sgt baker
80%
Tommy the cat
80%
Sathington waltz
60%
Seas of cheese
60%
Those damned blue collar tweekers
60%
Eleven
40%
Grandads little ditty
40%
Here comes the bastards
40%
Is it luck
40%
Los bastardos
40%
Fish on
20%

Score Distribution

Percentile by Number Answered

Percent of People with Each Score

Your Score History

You have not taken this quiz